LEADER 01785nam1-2200433---450- 001 990001819680203316 005 20090225171541.0 035 $a000181968 035 $aUSA01000181968 035 $a(ALEPH)000181968USA01 035 $a000181968 100 $a20040705d2003----km-y0enga50------ba 101 0 $aeng 102 $aUS 105 $ay|||z|||001yy 200 1 $aAfrican American political thought$fedited with introductions by Marcus D. Pohlmann 210 $aNew York [etc.]$cRoutledge$d2003- 215 $av.$d24 cm. 463 \1$1001990000453500203316$12001 $a<> Confrontation vs. compromise$ethe colonial period to 1945 463 \1$1001990001119160203316$12001 $a<> Capitalism vs. cillectivism$ethe colonial period to 1945 463 \1$1001990001151830203316$12001 $a<> Confrontation vs. compromise$e1945 to the present 463 \1$1001990002046400203316$12001 $a<> Integration vs. separatism$ethe colonial period to 1945 463 \1$1001990002051530203316$12001 $a<> Capitalism vs. collectivism$e1945 to the present 463 \1$1001990002090670203316$12001 $a<> Integration vs. separatism$e1945 to the present 606 0 $aAfricani e americani$xPolitica 606 0 $aAfricani e americani$xGoverno 676 $a305.896 702 1$aPOHLMANN,$bMarcus D. 801 0$aIT$bsalbc$gISBD 912 $a990001819680203316 951 $a305.896 AFR 1/ (ISP IV 1211/)$bG.$cISP IV 959 $aBK 969 $aECO 979 $aACQUISTI$b10$c20040705$lUSA01$h1107 979 $aRENATO$b90$c20041122$lUSA01$h1224 979 $aRSIAV1$b90$c20090225$lUSA01$h1712 979 $aRSIAV1$b90$c20090225$lUSA01$h1715 996 $aAfrican American political thought$9950672 997 $aUNISA LEADER 01003nam--2200337---450- 001 990002718490203316 005 20060309145834.0 010 $a88-8323133-3 035 $a000271849 035 $aUSA01000271849 035 $a(ALEPH)000271849USA01 035 $a000271849 100 $a20060309d2005----km-y0itay0103----ba 101 $aita 102 $aIT 105 $a||||||||001yy 200 1 $a<> luoghi della scienza$eguida ai musei e alle raccolte scientifiche italiane$fMassimo Bozzo 210 $aRoma$cDi Renzo$dcopyr. 2005 215 $a269 p.$cill. color.$d27 cm 606 0 $aMusei$yItalia$xRepertori 606 0 $aCollezioni scientifiche$yItalia$xRepertori 676 $a507.445 700 1$aBOZZO,$bMassimo$060927 801 0$aIT$bsalbc$gISBD 912 $a990002718490203316 951 $aXII.3.D. 82$b187101 L.M.$cXII.3.$d00177475 959 $aBK 969 $aUMA 979 $aCHIARA$b90$c20060309$lUSA01$h1458 996 $aLuoghi della scienza$91000140 997 $aUNISA